Spracovanie globálnej diagnostiky podniku vo vybranom regióne pre účely jeho ohodnotenia diplomová práca

Salvato in:
Dettagli Bibliografici
Autore principale: Veselý, Peter
Ente Autore: Fakulta podnikového manažmentu EU. Katedra podnikovohospodárska
Altri autori: Neumannová, Anna
Natura: Libro
Lingua:slovacco
Pubblicazione: Bratislava 2013
Tags: Aggiungi Tag
Nessun Tag, puoi essere il primo ad aggiungerne!!

MARC

LEADER 00000nbm a2200000 4500
001 0170991
005 20161109102422.9
041 0 |a slo 
044 |a SK 
245 1 0 |a Spracovanie globálnej diagnostiky podniku vo vybranom regióne pre účely jeho ohodnotenia  |b diplomová práca  |c Peter Veselý ; školiteľ: Anna Neumannová 
264 1 |a Bratislava  |c 2013 
300 |a 80 s. 
100 1 |a Veselý, Peter 
700 1 |a Neumannová, Anna 
710 2 |a Fakulta podnikového manažmentu EU. Katedra podnikovohospodárska